Sports Quiz

Random Sports or Decade Quiz

NBA #1 Draft Picks (1980s) Quiz Stats

 Plays Quiz Updated Sep 20, 2017

Challenge
Share
Tweet
Score 0/10 Timer 04:00
0 Plays Today
Hint Answer % Correct
1985Patrick Ewing
98.1%
1987David Robinson
96.3%
1984Hakeem Olajuwon
90.2%
1982James Worthy
81.4%
1983Ralph Sampson
73%
1988Danny Manning
53.2%
1986Brad Daugherty
44.7%
1981Mark Aguirre
36.1%
1980Joe Barry Carroll
26.3%
1989Pervis Ellison
26.1%

You're not logged in!

Compare scores with friends on all Sporcle quizzes.
Join for Free
OR
Log In

You Might Also Like...

Show Comments

Extras

Top Quizzes Today


Score Distribution

Your Account Isn't Verified!

In order to create a playlist on Sporcle, you need to verify the email address you used during registration. Go to your Sporcle Settings to finish the process.

Report this User

Report this user for behavior that violates our Community Guidelines.

Details: